Geography Quiz

Random Geography or City Quiz

Geography by Numbers IV Quiz Stats

 Plays Quiz Updated Dec 23, 2018

Support Sporcle.
Go Orange.
Score 0/55 Timer 06:00
22 Plays Today
% Correct
Argentina
94.1%
Venezuela
92.5%
Venezuela
92.4%
Paraguay
89.6%
Sydney (4 million+)
89.3%
Uruguay
89%
Mississippi
88.4%
Peru
88.2%
Colombia
86.9%
Bolivia
85.8%
Guyana
77.9%
Suriname
77.9%
Massachusetts
72.5%
Tennessee
72.3%
Melbourne (4 million+)
71.2%
Missouri
70.3%
Minnesota
66.8%
Vanuatu
65.9%
Illinois
62.9%
Hawaii
62.9%
Perth (1 million+)
62.5%
Vatican City
62.2%
Indonesia
62.1%
Red
60.6%
Turkey
59.5%
Vietnam
59.5%
Pennsylvania
58.6%
Connecticut
58.3%
% Correct
Black
58.3%
Mediterranean
58.1%
Ecuador
54.1%
Ethiopia
53.5%
France
49.9%
Estonia
48.8%
Yukon
47.6%
Brisbane (2 million+)
46.2%
Turkmenistan
44.1%
Equatorial Guinea
43%
Northwest Territories
42.7%
Caspian
42.4%
Eritrea
42.2%
Adelaide (1 million+)
41.5%
Egypt
40.6%
Azerbaijan
39.8%
Uzbekistan
39.1%
El Salvador
38.2%
Kazakhstan
37.8%
Eswatini
37.3%
Kyrgyzstan
36.2%
Nunavut
31%
Maldives
28.9%
Adriatic
26.1%
Brazil
18.7%
Arabian
18.3%
Persian
13.7%

From the Vault

Video Games (A-Z)

by Spacemaniac

Gaming 6m
Well, this is one way to learn the alphabet.
Remove Ads.
Support Sporcle.
Get the best of Sporcle when you Go Orange. This ad-free experience offers more features, more stats, and more fun while also helping to support Sporcle. Thank you for becoming a member.

Show Comments

Extras

Top Quizzes Today


Score Distribution

Your Account Isn't Verified!

In order to create a playlist on Sporcle, you need to verify the email address you used during registration. Go to your Sporcle Settings to finish the process.

Report this User

Report this user for behavior that violates our Community Guidelines.

Details: